书目信息 |
| 题名: |
广义Camassa-Holm方程与短波方程的柯西问题
|
|
| 作者: | 李敏, 著 | |
| 分册: | ||
| 出版信息: | 北京 中国财政经济出版社 2021.11 |
|
| 页数: | 109页 | |
| 开本: | 23cm | |
| 丛书名: | 江西财经大学信毅学术文库 | |
| 单 册: | ||
| 中图分类: | O175.8 | |
| 科图分类: | ||
| 主题词: | 非线性方程--fei xian xing fang cheng--初值问题--研究 | |
| 电子资源: | ||
| ISBN: | 978-7-5223-0824-1 | |
| 000 | 01302nam 2200277 450 | |
| 001 | 26586 | |
| 005 | 20220920133609.35 | |
| 010 | @a978-7-5223-0824-1@dCNY68.00 | |
| 100 | @a20220629d2021 em y0chiy50 ea | |
| 101 | 0 | @achi |
| 102 | @aCN@b110000 | |
| 105 | @aa a 000yy | |
| 200 | 1 | @a广义Camassa-Holm方程与短波方程的柯西问题@Aguang yi Camassa-Holm fang cheng yu duan bo fang cheng de ke xi wen ti@f李敏著 |
| 210 | @a北京@c中国财政经济出版社@d2021.11 | |
| 215 | @a109页@c图@d23cm | |
| 225 | 2 | @a江西财经大学信毅学术文库@Ajiang xi cai jing da xue xin yi xue shu wen ku@h2021 |
| 300 | @a基金支持: 2021年江西省自然科学基金青年基金项目: 具有高次非线性项的浅水波方程若干问题研究 2019年江西省教育厅科技项目: 具有高次非线性的浅水波模型若干问题研究 2021年江西省自然科学基金: 与热半群相伴的微分变换算子及其相关问题研究等 | |
| 314 | @a李敏, 现为江西财经大学讲师。 | |
| 320 | @a有书目 (第99-109页) | |
| 330 | @a本书主要研究了两类浅水波与两类短波方程的柯西 (Cauchy) 问题, 即在给定初值条件下, 研究方程解的存在性、唯一性与对初值的连续依赖性。 | |
| 410 | 0 | @12001 @a江西财经大学信毅学术文库@h2021 |
| 606 | 0 | @a非线性方程@Afei xian xing fang cheng@x初值问题@x研究 |
| 690 | @aO175.8@v5 | |
| 701 | 0 | @a李敏,@Ali min@f1990-@4著 |
| 801 | 0 | @aCN@c20220910 |
| 905 | @a河南城建学院图书馆@dO175.8@eL215@f2 | |
| 广义Camassa-Holm方程与短波方程的柯西问题/李敏著.-北京:中国财政经济出版社,2021.11 |
| 109页:图;23cm.-(江西财经大学信毅学术文库.2021) |
| 基金支持: 2021年江西省自然科学基金青年基金项目: 具有高次非线性项的浅水波方程若干问题研究 2019年江西省教育厅科技项目: 具有高次非线性的浅水波模型若干问题研究 2021年江西省自然科学基金: 与热半群相伴的微分变换算子及其相关问题研究等 |
| ISBN 978-7-5223-0824-1:CNY68.00 |
| 本书主要研究了两类浅水波与两类短波方程的柯西 (Cauchy) 问题, 即在给定初值条件下, 研究方程解的存在性、唯一性与对初值的连续依赖性。 |
| ● |
| 相关链接 |
|
|
|
正题名:广义Camassa-Holm方程与短波方程的柯西问题
索取号:O175.8/L215
 
预约/预借
| 序号 | 登录号 | 条形码 | 馆藏地/架位号 | 状态 | 备注 |
| 1 | 1577833 | 215778335 | 自科库401/401自科库 45排4列5层/ [索取号:O175.8/L215] | 在馆 | |
| 2 | 1577834 | 215778344 | 自科库401/401自科库 45排4列5层/ [索取号:O175.8/L215] | 在馆 |